Implementace logistického řízení

Hlavné príčiny pomalého prenikania logistiky do riadenia firiem. Základné pravidlá pre úspešné presadzovanie zmien vo firmách.

Guardado en:
Detalles Bibliográficos
Autor principal: Gros, Ivan
Formato: Capítulo de libro
Lenguaje:checo
Materias:
Etiquetas: Agregar Etiqueta
Sin Etiquetas, Sea el primero en etiquetar este registro!

MARC

LEADER 00000naa a2200000 4500
001 r033698
005 20230922090323.4
041 0 |a cze 
044 |a CZ 
245 1 0 |a Implementace logistického řízení  |c Ivan Gros 
520 |a Hlavné príčiny pomalého prenikania logistiky do riadenia firiem. Základné pravidlá pre úspešné presadzovanie zmien vo firmách. 
610 2 0 |a logistika 
610 2 0 |a riadenie operatívne 
610 2 0 |a firmy 
610 2 0 |a zmeny organizačné 
610 2 0 |a zamestnanci 
610 2 0 |a tímy pracovné 
610 2 0 |a znižovanie nákladov 
610 2 0 |a konkurencia 
610 2 0 |a Česko 
100 1 |a Gros, Ivan